| 000 | 00649nam a2200181 i 4500 | ||
|---|---|---|---|
| 001 | 147510 | ||
| 003 | ES-MaACL | ||
| 005 | 20230906202040.0 | ||
| 007 | t| | ||
| 008 | 071001s1960 sp |||| | spa d | ||
| 080 | _a338.98(460) | ||
| 100 | 1 |
_aUllastres, Alberto. _9111925 |
|
| 245 | 1 | 0 |
_aDiscurso del Excmo. Sr. Ministro de Comercio Don Alberto Ullastres Calvo en relación con el plan de estabilización / _cAlberto Ullastres. |
| 260 |
_aHuelva : _bCámara Oficial de Comercio, Industria y Navegación, _c[1960] |
||
| 300 |
_a244 p. : _bil. ; _c29 cm. |
||
| 651 | 4 |
_aEspaña- _xPolítica económica- _yS.XX. _98414 |
|
| 852 | 4 |
_aES-MaACL _jC-25575 |
|
| 999 |
_c147510 _d147510 |
||